000 00664nam a2200241Ia 4500
008 160303s9999 xx 000 0 und d
020 _a971-23-3680-8
050 _aFIL KPM 1079
050 _b.A3D37 2003
100 _aDascil, Rodelito T.
245 _aThie Philippine nursing act 2002 :
245 _bexplained /
245 _cRodelito T. Dascil, David Robert C. Aquino.
260 _aManila :
260 _bRex Book Store, Inc.
260 _c2003
300 _a159 pages :
300 _c23 cm.
650 _aMedical laws and legislation --
650 _aNursing --
650 _x Law and legislation -- Philippines.
650 _xPhilippines.
999 _c291449
_d291449